000 00728nam a22002417a 4500
003 dpl
005 20180827150253.0
008 180827b xxu||||| |||| 00| 0 eng d
010 _aA-939415
020 _c395.00
_a812031526-x
035 _aA-939415
037 _bBPPD/PUB
040 _aDPL
_bEN
_cDPL
082 _a005.42
_bASA
245 _aSpecial edition using SAP R/3
_cASAP world consultancy
260 _aNew Delhi
_bPrentice Hall India
_c1999
270 _aM-97, Connaught Circus
_bNew Delhi
_e110001
300 _axxxvii,1164p. :
_c24cm(Hb)
650 _aOperating systems (Computers)
_914601
650 _aNetWare
_937819
700 _aASAP world consultancy
942 _2ddc
_cEN
_h005.42
_mASA
999 _c156415
_d156415